[Event "EU-ch Amateur Online Final 1400/1700"]
[Site "Tornelo INT"]
[Date "2021.04.18"]
[Round "4"]
[White "Chatzinikolaou, Emmanouil"]
[Black "Oz, Dindar"]
[Result "0-1"]
[WhiteElo "1407"]
[BlackElo "1619"]
[PlyCount "88"]
[EventDate "2021.04.18"]
[EventType "swiss (rapid)"]
[EventRounds "9"]
[EventCountry "NET"]
[SourceTitle "EXT 2023"]
[Source "ChessBase"]
[SourceDate "2022.10.05"]
[SourceVersion "1"]
[SourceVersionDate "2022.10.05"]
[SourceQuality "1"]

1. d4 d5 2. c3 Nf6 3. Bf4 Bf5 4. e3 e6 5. Nf3 Be7 6. h3 0-0 7. Bd3 Bxd3 8. Qxd3 Nbd7 9. Nbd2 c5 10. 0-0 cxd4 11. exd4 Re8 12. Rfe1 Nf8 13. Ne5 Ng6 14. Nxg6 hxg6 15. Nf3 Nd7 16. Ne5 Nxe5 17. dxe5 a6 18. Rac1 b5 19. b3 Rc8 20. Red1 Qa5 21. Rd2 Rc6 22. Be3 Rec8 23. Bd4 Bg5 24. b4 Qc7 25. Be3 Bxe3 26. Qxe3 Rxc3 27. Rxc3 Qxc3 28. Qxc3 Rxc3 29. Kf1 Rc4 30. Rb2 Re4 31. Rc2 Rxb4 32. Rc8+ Kh7 33. Rf8 Ra4 34. Rxf7 Rxa2 35. Re7 b4 36. Rxe6 b3 37. Rb6 b2 38. e6 Ra1+ 39. Ke2 b1Q 40. Rxb1 Rxb1 41. e7 Rb8 42. Kd3 Re8 43. Kd4 Rxe7 44. Kxd5 Rb7 0-1

[Event "TUR Cup"]
[Site "Antalya"]
[Date "2020.02.01"]
[Round "10"]
[White "Satiroglu, Kaan"]
[Black "Oz, Dindar"]
[Result "0-1"]
[WhiteElo "1640"]
[BlackElo "1603"]
[PlyCount "124"]
[EventDate "2020.01.26"]
[EventType "swiss"]
[EventRounds "11"]
[EventCountry "TUR"]
[SourceTitle "CBM 194 Extra"]
[Source "ChessBase"]
[SourceDate "2020.03.31"]
[SourceVersion "1"]
[SourceVersionDate "2020.03.31"]
[SourceQuality "1"]

1. e4 d5 2. exd5 Qxd5 3. Nc3 Qd8 4. d4 Nf6 5. Bc4 a6 6. Nf3 b5 7. Bb3 c5 8. dxc5 Qxd1+ 9. Nxd1 e6 10. a4 b4 11. a5 Bxc5 12. Be3 Nbd7 13. Ba4 0-0 14. Bc6 Ra7 15. Nd2 Rc7 16. Bf3 Bb7 17. Bxb7 Rxb7 18. Nb3 Bd6 19. Bc1 Nd5 20. Ne3 N7f6 21. Nxd5 Nxd5 22. Bd2 Rc8 23. Kd1 Be5 24. Rb1 Rbc7 25. Rf1 Rxc2 26. Bc3 R2xc3 27. bxc3 Nxc3+ 28. Kd2 Nxb1+ 29. Rxb1 f5 30. Kd3 Kf7 31. Nd2 Bc3 32. Nc4 Rd8+ 33. Ke3 f4+ 34. Kf3 Kf6 35. g3 Rd4 36. Nb6 g5 37. h3 h5 38. Na4 fxg3 39. Kxg3 h4+ 40. Kf3 Rd3+ 41. Kg2 Rd5 42. Rb3 Bd2 43. Nb2 Rxa5 44. Nc4 Rd5 45. Nxd2 Rxd2 46. Rxb4 Ra2 47. Rb8 a5 48. Rf8+ Ke7 49. Rg8 Kf6 50. Rf8+ Kg7 51. Re8 Kf7 52. Ra8 a4 53. Ra5 Kf6 54. Kf3 a3 55. Kg4 Ra1 56. Kh5 a2 57. f3 e5 58. Ra6+ Kf5 59. Ra4 Rf1 60. Rxa2 Rxf3 61. Ra8 Rg3 62. Ra5 Kf4 0-1

[Event "TUR Cup"]
[Site "Antalya"]
[Date "2020.01.30"]
[Round "7"]
[White "Oz, Dindar"]
[Black "Mangal, Ali"]
[Result "0-1"]
[WhiteElo "1603"]
[BlackElo "1702"]
[PlyCount "89"]
[EventDate "2020.01.26"]
[EventType "swiss"]
[EventRounds "11"]
[EventCountry "TUR"]
[SourceTitle "CBM 194 Extra"]
[Source "ChessBase"]
[SourceDate "2020.03.31"]
[SourceVersion "1"]
[SourceVersionDate "2020.03.31"]
[SourceQuality "1"]

1. d4 d5 2. c4 e6 3. Nc3 Nf6 4. cxd5 exd5 5. Bg5 Nbd7 6. e3 Be7 7. Bd3 c6 8. Nge2 0-0 9. 0-0 Re8 10. f3 h6 11. Bh4 Nh5 12. Bxe7 Qxe7 13. e4 dxe4 14. fxe4 Nb6 15. Rc1 Nf6 16. e5 Nfd5 17. Qd2 Be6 18. Ne4 Red8 19. Nd6 Nc8 20. Ne4 Qb4 21. N2c3 Nce7 22. a3 Qa5 23. Rcd1 Nxc3 24. Nxc3 c5 25. Nd5 Qxd2 26. Nxe7+ Kf8 27. Ng6+ Kg8 28. Rxd2 fxg6 29. Bxg6 Rxd4 30. Rdf2 b6 31. Bf7+ Bxf7 32. Rxf7 Re8 33. Rxa7 Rxe5 34. Rb7 Re6 35. h3 Rd2 36. b3 Ree2 37. Rff7 Rxg2+ 38. Kf1 Rg3 39. Rfc7 Rdd3 40. b4 cxb4 41. axb4 Rxh3 42. Rc8+ Kh7 43. Rcc7 Rdf3+ 44. Ke2 Rf6 45. b5 0-1

[Event "TUR Cup"]
[Site "Antalya"]
[Date "2020.01.29"]
[Round "5"]
[White "Oz, Dindar"]
[Black "Koksal, Recep"]
[Result "0-1"]
[WhiteElo "1603"]
[BlackElo "1709"]
[PlyCount "74"]
[EventDate "2020.01.26"]
[EventType "swiss"]
[EventRounds "11"]
[EventCountry "TUR"]
[SourceTitle "CBM 194 Extra"]
[Source "ChessBase"]
[SourceDate "2020.03.31"]
[SourceVersion "1"]
[SourceVersionDate "2020.03.31"]
[SourceQuality "1"]

1. d4 d5 2. c4 c6 3. Nc3 Nf6 4. Nf3 e6 5. Bg5 h6 6. Bh4 Bb4 7. a3 Bxc3+ 8. bxc3 Qa5 9. Qb3 dxc4 10. Qxc4 Nd5 11. e4 Nxc3 12. Bd3 Nxe4+ 13. Ke2 Nc3+ 14. Kf1 Nd7 15. Re1 Nb6 16. Qb3 Ncd5 17. Bg3 Qc3 18. Qb1 Qxa3 19. Ne5 0-0 20. Qd1 Qe7 21. h4 a5 22. Rh3 a4 23. Ng4 f5 24. Nxh6+ gxh6 25. Be5 Kh7 26. g4 Qf7 27. g5 a3 28. g6+ Qxg6 29. Rg3 Qf7 30. Rg7+ Qxg7 31. Bxg7 Kxg7 32. Qb3 Bd7 33. Bb1 Ra4 34. Qg3+ Kf7 35. Ba2 Rg8 36. Qe5 c5 37. dxc5 Bb5+ 0-1

[Event "TUR Cup"]
[Site "Antalya"]
[Date "2019.01.30"]
[Round "5"]
[White "Oz, Dindar"]
[Black "Ilcin, Murat Veysi"]
[Result "1-0"]
[WhiteElo "1644"]
[BlackElo "1653"]
[PlyCount "71"]
[EventDate "2019.01.27"]
[EventType "swiss"]
[EventRounds "11"]
[EventCountry "TUR"]
[SourceTitle "CBM 188 Extra"]
[Source "ChessBase"]
[SourceDate "2019.02.26"]
[SourceVersion "1"]
[SourceVersionDate "2019.02.26"]
[SourceQuality "1"]

1. d4 Nf6 2. c4 g6 3. Nc3 Bg7 4. Nf3 0-0 5. Bg5 d6 6. e3 Nc6 7. Be2 a6 8. d5 Nb8 9. Qc2 Nbd7 10. 0-0 Nc5 11. e4 h6 12. Bh4 a5 13. Rad1 e5 14. dxe6 g5 15. exf7+ Rxf7 16. Bg3 Nh5 17. Nd4 Nxg3 18. hxg3 Qf6 19. Nd5 Qe5 20. Bh5 Rd7 21. Rfe1 Ne6 22. Nxe6 Qxe6 23. Ne3 Qe5 24. Re2 Re7 25. Nd5 Rd7 26. Qd3 b6 27. Bg6 Bb7 28. Bf5 Rf7 29. f4 Qe8 30. Bg6 Qf8 31. Bxf7+ Qxf7 32. Rf1 Rf8 33. Ref2 c5 34. fxg5 Bd4 35. Ne3 Qe6 36. Rxf8+ 1-0

[Event "TUR Cup"]
[Site "Antalya"]
[Date "2019.01.28"]
[Round "2"]
[White "Koc, Ilkay"]
[Black "Oz, Dindar"]
[Result "1-0"]
[WhiteElo "2000"]
[BlackElo "1644"]
[PlyCount "83"]
[EventDate "2019.01.27"]
[EventType "swiss"]
[EventRounds "11"]
[EventCountry "TUR"]
[SourceTitle "CBM 188 Extra"]
[Source "ChessBase"]
[SourceDate "2019.02.26"]
[SourceVersion "1"]
[SourceVersionDate "2019.02.26"]
[SourceQuality "1"]

1. d4 d5 2. c4 c6 3. Nf3 Nf6 4. e3 e6 5. b3 Nbd7 6. Bd3 dxc4 7. bxc4 c5 8. 0-0 Bd6 9. Qe2 0-0 10. e4 e5 11. d5 Re8 12. Nc3 Nf8 13. Ne1 Ng6 14. f3 Nh5 15. g3 Nf6 16. Be3 h5 17. Ng2 h4 18. f4 h3 19. Ne1 Bg4 20. Qd2 b6 21. f5 Nf8 22. Be2 N8h7 23. Qd1 Bxe2 24. Qxe2 b5 25. cxb5 Qa5 26. Bd2 Rab8 27. Nc2 c4 28. Rab1 Ng5 29. Kh1 Rec8 30. a3 Nfh7 31. Nb4 Bxb4 32. axb4 Qd8 33. Ra1 Qe7 34. Ra4 f6 35. Be3 Rb7 36. Bc5 Rxc5 37. bxc5 Qxc5 38. Rd1 Nf7 39. Qxc4 Qxc4 40. Rxc4 Nd6 41. Rc6 Nxb5 42. Rb1 1-0

[Event "TUR Cup										"]
[Site "Antalya"]
[Date "2018.01.30"]
[Round "6"]
[White "Eremkere, Mehmet Halil"]
[Black "Oz, Dindar"]
[Result "1-0"]
[WhiteElo "1748"]
[BlackElo "1564"]
[PlyCount "119"]
[EventDate "2018.01.27"]
[EventType "swiss"]
[EventRounds "11"]
[EventCountry "TUR"]
[SourceTitle "CBM 182 Extra"]
[Source "ChessBase"]
[SourceDate "2018.02.23"]
[SourceVersion "1"]
[SourceVersionDate "2018.02.23"]
[SourceQuality "1"]

1. e4 e5 2. Nf3 Nc6 3. Bb5 a6 4. Ba4 Nf6 5. 0-0 Be7 6. Re1 b5 7. Bb3 d6 8. c3 0-0 9. d4 Bg4 10. d5 Na5 11. Nbd2 Nxb3 12. axb3 c6 13. dxc6 Qc7 14. Nf1 Qxc6 15. Bg5 h6 16. Bxf6 Bxf6 17. Nxe5 Bxd1 18. Nxc6 Bxb3 19. Nd2 Be6 20. Nf3 Bd7 21. Nb4 a5 22. Nd5 Bd8 23. Nd4 Re8 24. f3 Rb8 25. Red1 g5 26. g4 Be6 27. Nc6 Bxd5 28. Rxd5 Rb6 29. Nxa5 Ra6 30. Rxb5 Bb6+ 31. Kf1 Rea8 32. b4 Rc8 33. Ra3 Kf8 34. Ke2 Ke7 35. Kd3 Ke6 36. Nc4 Rxa3 37. Nxa3 Bd8 38. Nc2 Bf6 39. Nd4+ Bxd4 40. Kxd4 f6 41. h4 Ra8 42. hxg5 hxg5 43. Ra5 Rh8 44. Ra3 Rh3 45. c4 Rh1 46. Rb3 Rd1+ 47. Kc3 Rf1 48. Kb2 Rf2+ 49. Ka3 Rc2 50. Ka4 Rxc4 51. Ka5 Kd7 52. Rd3 Kc6 53. Rd5 Rc3 54. b5+ Kc7 55. Rf5 Rc2 56. Rxf6 Ra2+ 57. Kb4 Rb2+ 58. Kc4 Rc2+ 59. Kd4 Rb2 60. Rf5 1-0

[Event "TUR Cup										"]
[Site "Antalya"]
[Date "2018.01.28"]
[Round "3"]
[White "Oz, Dindar"]
[Black "Capan, Ferman"]
[Result "0-1"]
[WhiteElo "1564"]
[BlackElo "1759"]
[PlyCount "35"]
[EventDate "2018.01.27"]
[EventType "swiss"]
[EventRounds "11"]
[EventCountry "TUR"]
[SourceTitle "CBM 182 Extra"]
[Source "ChessBase"]
[SourceDate "2018.02.23"]
[SourceVersion "1"]
[SourceVersionDate "2018.02.23"]
[SourceQuality "1"]

1. d4 Nf6 2. c4 e5 3. dxe5 Ng4 4. Bf4 g5 5. Bg3 Bg7 6. Nf3 Nc6 7. Nc3 Ngxe5 8. e3 d6 9. Be2 h5 10. Nxe5 Nxe5 11. Bxe5 Bxe5 12. Bxh5 Bxc3+ 13. bxc3 Qf6 14. Rc1 Be6 15. Bf3 Rb8 16. Qd4 Ke7 17. c5 d5 18. g3 0-1